Central Library OPAC University of Rajshahi

Topological methods in the theory of nonlinear integral equations / (Record no. 51560)

MARC details
000 -LEADER
fixed length control field 00993nam a2200265 a 4500
001 - CONTROL NUMBER
control field 51560
003 - CONTROL NUMBER IDENTIFIER
rucl marc code BD-RjUL
005 - DATE AND TIME OF LATEST TRANSACTION
control field 20211209075659.0
008 - FIXED-LENGTH DATA ELEMENTS--GENERAL INFORMATION
fixed length control field 160831s1964 enk b 001 0 eng d
035 ## - SYSTEM CONTROL NUMBER
System control number (BD-RjUL)51680
040 ## - CATALOGING SOURCE
Original cataloging agency DLC
Transcribing agency WSU/SER/EUX
Language of cataloging eng
Modifying agency BD-RjUL
041 1# - LANGUAGE CODE
Language code of text/sound track or separate title eng
Language code of original rus
082 ## - DEWEY DECIMAL CLASSIFICATION NUMBER
Edition number 23
Classification number 515.45
Author mark and year KRT 1964
100 1# - MAIN ENTRY--PERSONAL NAME
Personal name Krasnoselʹskil, M. A.
9 (RLIN) 154114
245 10 - TITLE STATEMENT
Title Topological methods in the theory of nonlinear integral equations /
Statement of responsibility, etc. M.A. Krasnosel'skii ; translated by A.H. Armstrong ; translation edited by J.Burlak
260 ## - PUBLICATION, DISTRIBUTION, ETC. (IMPRINT)
Place of publication, distribution, etc. Oxford :
Name of publisher, distributor, etc. Pergamon,
Date of publication, distribution, etc. c1964
300 ## - PHYSICAL DESCRIPTION
Pagination xi, 395 p. ;
Size 23 cm
490 1# - SERIES STATEMENT
Series statement International series of monographs in pure and applied mathematics ;
Volume/sequential designation v. 45
504 ## - BIBLIOGRAPHY, ETC. NOTE
Bibliography, etc Include bibliography and index.
650 #0 - SUBJECT ADDED ENTRY--TOPICAL TERM
Topical term or geographic name as entry element Integral equations
9 (RLIN) 151906
700 1# - ADDED ENTRY--PERSONAL NAME
Personal name Burlak, J.
Personal name Armstrong, A. H.
830 #0 - SERIES ADDED ENTRY--UNIFORM TITLE
Uniform title International series of monographs in pure and applied mathematics ;
Volume number/sequential designation v. 45
942 ## - ADDED ENTRY ELEMENTS (KOHA)
Source of classification or shelving scheme Dewey Decimal Classification
Koha item type Books
Holdings
Lost status Source of classification or shelving scheme Damaged status Not for loan Collection code Permanent Location Current Location Shelving location Date acquired Source of acquisition Cost, normal purchase price Total Checkouts Full call number Date last seen Copy number Koha item type
  Dewey Decimal Classification     Non-fiction Central Library, University of Rajshahi Central Library, University of Rajshahi   07/04/1965 Zeitlinger 70.00   515.45 KRT 1964 31/08/2016 C-2 Books
  Dewey Decimal Classification     Non-fiction Central Library, University of Rajshahi Central Library, University of Rajshahi   06/04/1965 Swets & Zeithinger 70.00   515.45 KRT 1964 19/11/2016 C-3 Books